/ 3



1947 Alle Zakhman Di Dastan (Record no. 27211)

MARC details
000 -LEADER
fixed length control field 00321nam a2200145Ia 4500
008 - FIXED-LENGTH DATA ELEMENTS--GENERAL INFORMATION
fixed length control field 090707b ii f a fnsan d
020 ## - INTERNATIONAL STANDARD BOOK NUMBER
ISBN 9382804331
100 ## - MAIN ENTRY--PERSONAL NAME
Personal name Jinder
245 ## - TITLE STATEMENT
Title 1947 Alle Zakhman Di Dastan
260 ## - PUBLICATION, DISTRIBUTION, ETC.
Place of publication Patiala
260 ## - PUBLICATION, DISTRIBUTION, ETC.
Name of publisher Sangam Pub.
260 ## - PUBLICATION, DISTRIBUTION, ETC.
Year of publication 2013
300 ## - PHYSICAL DESCRIPTION
Number of Pages 627p
942 ## - ADDED ENTRY ELEMENTS (KOHA)
Koha item type Books
Holdings
Accession Number Cost, replacement price Lost status Damaged status Price effective from Koha item type Not for loan Collection code Withdrawn status Home library Current library Shelving location Date acquired Source of acquisition Cost, normal purchase price
60350 650.00     10/02/2018 Books   Punjabi Department Books   RCL RCL General Stacks 10/02/2018 DDC 650.00

Find us on the map

Contact Us

RAMANUJAN COLLEGE UNIVERSITY OF DELHI, KALKAJI, NEW DELHI 110019
library@ramaanujan.du.ac.in
011-35002219
https://library.ramanujancollege.ac.in/
ramanujancollegelibrary
                                 
Customized & Maintained by Department of Library
Visitor Counter